Physical Chemistry / (Record no. 88067)

MARC details
000 -LEADER
fixed length control field 00463nam a2200169Ia 4500
005 - DATE AND TIME OF LATEST TRANSACTION
control field 20140911131445.0
010 ## - LCCN (DPL NO)
LC control number BAC-EN21
020 ## - INTERNATIONAL STANDARD BOOK NUMBER
International Standard Book Number 9788126508778
Terms of availability 709.00
037 ## - SOURCE OF ACQUISITION
Source of stock number/acquisition Asian Book Centre/Ven
100 ## - MAIN ENTRY--PERSONAL NAME
Personal name Silbey, Robert J.
245 ## - TITLE STATEMENT
Title Physical Chemistry /
Statement of responsibility, etc by Robert J. Silbey ...[et..al]
250 ## - EDITION STATEMENT
Edition statement 4th ed.
260 ## - PUBLICATION, DISTRIBUTION, ETC. (IMPRINT)
Date of publication, distribution, etc 2012
Place of publication, distribution, etc New Delhi
Name of publisher, distributor, etc Wiley India
300 ## - PHYSICAL DESCRIPTION
Dimensions 23cm(pbk)
Extent 944p.:
Other physical details ill
942 ## - ADDED ENTRY ELEMENTS (KOHA)
Item type English Books
Source of classification or shelving scheme Dewey Decimal Classification

No items available.


© Delhi Public Library
Hit Counter
free hit counter